[Event "Bergamo op 17th"]
[Site "Bergamo"]
[Date "2018.07.14"]
[Round "4"]
[White "Moroni, Luca Jr"]
[Black "Poliakov, Artem"]
[Result "1-0"]
[WhiteElo "2546"]
[BlackElo "2175"]
[PlyCount "139"]
[EventDate "2018.07.13"]
[EventType "swiss"]
[EventRounds "9"]
[EventCountry "ITA"]
[SourceTitle "EXT 2019"]
[Source "ChessBase"]
[SourceDate "2018.10.10"]
[SourceVersion "1"]
[SourceVersionDate "2018.10.10"]
[SourceQuality "1"]

1. d4 d6 2. Nf3 f5 3. g3 Nf6 4. Bg2 g6 5. 0-0 Bg7 6. b3 0-0 7. Bb2 c6 8. c4 Nbd7 9. Nbd2 Qc7 10. Ng5 Nb6 11. Qc2 e5 12. dxe5 dxe5 13. e4 h6 14. Ngf3 Nxe4 15. Nxe4 fxe4 16. Qxe4 Bf5 17. Qe3 Nd7 18. Nh4 Rae8 19. Rad1 Rf7 20. h3 Nf8 21. Ba3 Rf6 22. Qxa7 Bc8 23. Qe3 e4 24. Bb2 g5 25. Bxf6 Bxf6 26. Nf3 exf3 27. Qxe8 fxg2 28. Kxg2 c5 29. Rfe1 Bd7 30. Qh5 Bc6+ 31. Rd5 Qf7 32. Qxf7+ Kxf7 33. f3 Bxd5 34. cxd5 h5 35. Re4 b5 36. a4 bxa4 37. bxa4 Bd8 38. d6 Ne6 39. Kf1 h4 40. gxh4 gxh4 41. f4 Ng7 42. d7 Ne6 43. f5 Nd4 44. Ke1 Nc6 45. Kd1 Ba5 46. Re8 Nd8 47. Kc2 c4 48. Re5 Bc7 49. Rc5 Bd6 50. Rxc4 Ke7 51. a5 Kxd7 52. a6 Nc6 53. f6 Na7 54. f7 Ke7 55. Rd4 Bc5 56. Rd5 Bg1 57. Rd7+ Kf8 58. Kd3 Nc6 59. Ke4 Kg7 60. Kf5 Nd4+ 61. Kg4 Nc6 62. Rc7 Na7 63. Kxh4 Bb6 64. Rb7 Bd4 65. Rd7 Bf2+ 66. Kg4 Nc6 67. Kf5 Kf8 68. Rd6 Nb4 69. Ke6 Bc5 70. a7 1-0

[Event "RUS-chT blitz"]
[Site "Sochi"]
[Date "2017.10.05"]
[Round "9"]
[White "Poliakov, Artem"]
[Black "Kobalia, Mihail"]
[Result "1/2-1/2"]
[WhiteElo "2182"]
[BlackElo "2596"]
[PlyCount "73"]
[EventDate "2017.10.05"]
[EventType "team-swiss (blitz)"]
[EventRounds "15"]
[EventCountry "RUS"]
[SourceTitle "CBM 181 Extra"]
[Source "ChessBase"]
[SourceDate "2017.12.12"]
[SourceVersion "1"]
[SourceVersionDate "2017.12.12"]
[SourceQuality "1"]
[WhiteTeam "Moscow Region IMBA"]
[BlackTeam "Legends of Moscow"]
[WhiteTeamCountry "RUS"]
[BlackTeamCountry "RUS"]

1. c4 f5 2. Nc3 Nf6 3. g3 g6 4. Bg2 Bg7 5. e3 0-0 6. Nge2 d6 7. 0-0 Nc6 8. Rb1 a5 9. a3 e5 10. b4 axb4 11. axb4 e4 12. d3 exd3 13. Qxd3 Ne5 14. Qd4 Kh8 15. c5 Nfg4 16. Qd5 dxc5 17. Qxc5 c6 18. Rd1 Qe8 19. h3 Nf6 20. b5 Bd7 21. bxc6 Bxc6 22. Bxc6 bxc6 23. Kg2 Ne4 24. Nxe4 fxe4 25. Bb2 Qf7 26. Nf4 Rae8 27. h4 Qc7 28. Rbc1 Rf6 29. Rc2 h6 30. Nd5 Qd8 31. Nxf6 Qxd1 32. Nxe8 Qf3+ 33. Kg1 Qd1+ 34. Kg2 Qf3+ 35. Kg1 Qd1+ 36. Kg2 Qf3+ 37. Kg1 1/2-1/2

[Event "RUS-ch rapid"]
[Site "Sochi"]
[Date "2017.09.30"]
[Round "1"]
[White "Poliakov, Artem"]
[Black "Khismatullin, Denis Rimovich"]
[Result "0-1"]
[WhiteElo "2182"]
[BlackElo "2628"]
[PlyCount "122"]
[EventDate "2017.09.30"]
[EventType "swiss (rapid)"]
[EventRounds "11"]
[EventCountry "RUS"]
[SourceTitle "EXT 2018"]
[Source "ChessBase"]
[SourceDate "2017.10.13"]
[SourceVersion "1"]
[SourceVersionDate "2017.10.13"]
[SourceQuality "1"]

1. c4 e5 2. Nc3 Nc6 3. g3 Bc5 4. Bg2 d6 5. e3 a6 6. Nge2 Ba7 7. 0-0 h5 8. f4 h4 9. fxe5 dxe5 10. Qe1 Be6 11. Nd5 Nge7 12. Nec3 Qd7 13. Nxe7 Nxe7 14. Bxb7 Rb8 15. Bg2 Bxc4 16. Rf3 Be6 17. b3 Rd8 18. Qf1 hxg3 19. Rxg3 Nf5 20. Qxa6 Bb6 21. Qb7 Kf8 22. Rg5 Qe7 23. Rxf5 Bxf5 24. Nd5 Qd6 25. a4 Bc8 26. Qxb6 cxb6 27. Ba3 Bb7 28. e4 Bxd5 29. Bxd6+ Rxd6 30. exd5 Rh4 31. Re1 f6 32. Be4 Rf4 33. d3 Kf7 34. Rc1 f5 35. Bg2 Rb4 36. Rc6 Rxc6 37. dxc6 Ke7 38. Bd5 Kd6 39. Bc4 Kxc6 40. Kf2 Kc5 41. Ke3 g5 42. h3 Kc6 43. Kf3 Kd6 44. Ke2 e4 45. d4 f4 46. Kf2 Ke7 47. Ke2 Kf6 48. Kf2 Kf5 49. Ke2 f3+ 50. Ke3 g4 51. hxg4+ Kxg4 52. Ba6 Rxb3+ 53. Kxe4 f2 54. d5 Rb4+ 55. Ke5 Rxa4 56. Be2+ Kg3 57. d6 Ra2 58. Bc4 Rd2 59. Ke6 Kg2 60. d7 f1Q 61. Bd5+ Rxd5 0-1

[Event "Biel MTO op 50th"]
[Site "Biel"]
[Date "2017.07.24"]
[Round "1"]
[White "Poliakov, Artem"]
[Black "Goganov, Aleksey"]
[Result "0-1"]
[WhiteElo "2191"]
[BlackElo "2592"]
[PlyCount "96"]
[EventDate "2017.07.24"]
[EventType "swiss"]
[EventRounds "9"]
[EventCountry "SUI"]
[SourceTitle "CBM 179 Extra"]
[Source "ChessBase"]
[SourceDate "2017.08.23"]
[SourceVersion "1"]
[SourceVersionDate "2017.08.23"]
[SourceQuality "1"]

1. c4 e5 2. Nc3 Bb4 3. g3 Bxc3 4. bxc3 Nc6 5. Bg2 f5 6. c5 Nf6 7. Nh3 b6 8. 0-0 bxc5 9. Ba3 e4 10. f3 0-0 11. fxe4 fxe4 12. Bxc5 d6 13. Be3 Bxh3 14. Bxh3 Ne5 15. Bd4 Re8 16. Qb3+ Kh8 17. c4 c5 18. Bc3 Qc7 19. Rac1 Rab8 20. Qc2 Qf7 21. Rf4 Qh5 22. Bf1 Rf8 23. h3 Qg5 24. Bg2 Qxg3 25. Rf5 Qg6 26. Rf2 Rbe8 27. Rcf1 e3 28. Rf5 exd2 29. Bxd2 Nc6 30. Qd1 Nd4 31. R5f2 Rg8 32. Bc3 Ne4 33. Bxd4 cxd4 34. Qxd4 Nxf2 35. Qxf2 Re6 36. Kh1 Rf6 37. Bf3 a5 38. Rg1 Qf5 39. Rg4 Rg6 40. Qb6 Rxg4 41. hxg4 Qc5 42. Qa6 Rb8 43. Bb7 Qb4 44. Bc6 Qe1+ 45. Kh2 Qxe2+ 46. Bg2 Qe5+ 47. Kh3 Qc5 48. Bb7 Qb4 0-1

[Event "Moscow op-A 13th"]
[Site "Moscow"]
[Date "2017.02.02"]
[Round "6"]
[White "Poliakov, Artem"]
[Black "Marinskii, Yurii"]
[Result "0-1"]
[WhiteElo "2173"]
[BlackElo "2294"]
[PlyCount "96"]
[EventDate "2017.01.28"]
[EventType "swiss"]
[EventRounds "9"]
[EventCountry "RUS"]
[SourceTitle "EXT 2018"]
[Source "ChessBase"]
[SourceDate "2017.10.13"]
[SourceVersion "1"]
[SourceVersionDate "2017.10.13"]
[SourceQuality "1"]

1. d4 d5 2. c4 c6 3. cxd5 cxd5 4. Bf4 a6 5. Nc3 Nf6 6. e3 e6 7. Nf3 Nbd7 8. Bd3 Be7 9. Rc1 0-0 10. 0-0 Nh5 11. Bg3 Nxg3 12. hxg3 f5 13. Ne2 Bd6 14. Bb1 Nf6 15. Nf4 Ng4 16. Qd2 Bd7 17. Rfd1 Rf6 18. Nd3 Qb8 19. Qc3 Rh6 20. Nde5 Bb5 21. Re1 Qe8 22. Ng5 Qh5 23. Nh3 g5 24. f3 Nxe5 25. dxe5 Bf8 26. Kf2 g4 27. Nf4 Qg5 28. Qd4 Re8 29. a4 Bc6 30. Bd3 gxf3 31. gxf3 Rh2+ 32. Ng2 Qh5 33. Rg1 Re7 34. Rc2 Rg7 35. b3 Be7 36. Bf1 Qh3 37. Qf4 Bg5 38. Qd4 Be7 39. Qf4 Bg5 40. Qd4 Bd8 41. Qf4 Kh8 42. b4 Rxg3 43. Ke1 Rxf3 44. Qd4 Qg3+ 45. Kd1 Bxa4 46. Qc5 Rxf1+ 47. Rxf1 Bxc2+ 48. Kc1 Rxg2 0-1

[Event "RUS-chT blitz"]
[Site "Sochi"]
[Date "2016.10.07"]
[Round "15.3"]
[White "Evdokimov, Alexander A"]
[Black "Poliakov, Artem"]
[Result "1-0"]
[WhiteElo "2495"]
[BlackElo "2222"]
[PlyCount "101"]
[EventDate "2016.10.07"]
[EventType "team-swiss (blitz)"]
[EventRounds "15"]
[EventCountry "RUS"]
[SourceTitle "EXT 2017"]
[Source "ChessBase"]
[SourceDate "2016.10.25"]
[SourceVersion "1"]
[SourceVersionDate "2016.10.25"]
[SourceQuality "1"]
[WhiteTeam "Dasmar Krasnoyarsk Region"]
[BlackTeam "Moscow Karpov School"]
[WhiteTeamCountry "RUS"]
[BlackTeamCountry "RUS"]

1. d4 d6 2. Nf3 g6 3. e4 Nf6 4. Bd3 Bg7 5. 0-0 0-0 6. h3 c5 7. c3 b6 8. d5 Ba6 9. c4 Bb7 10. Nc3 Na6 11. Bg5 Nc7 12. Re1 Nd7 13. Qd2 Re8 14. Bh6 Bh8 15. Bc2 Ne5 16. Nxe5 Bxe5 17. Ba4 Rf8 18. Bxf8 Kxf8 19. f4 Bd4+ 20. Kh1 a6 21. Rad1 Rb8 22. e5 b5 23. exd6 exd6 24. Bb3 b4 25. Ne2 Bf6 26. Ba4 a5 27. Ng3 Bc8 28. Ne4 Bd4 29. Ng5 Kg7 30. Re2 Bf6 31. Rde1 Ba6 32. Qd3 h6 33. Ne4 Bd4 34. b3 Nxd5 35. Qf3 Nb6 36. Bc6 d5 37. Nd2 dxc4 38. bxc4 Nxc4 39. Nxc4 Bxc4 40. Re7 Bf6 41. Rd7 Qf8 42. Bd5 Bxd5 43. Qxd5 Bd4 44. Ree7 Kh8 45. Rxf7 Qg8 46. Rh7+ Qxh7 47. Rxh7+ Kxh7 48. f5 Rg8 49. Qf7+ Rg7 50. fxg6+ Kh8 51. Qf8+ 1-0

[Event "RUS-chT blitz"]
[Site "Sochi"]
[Date "2016.10.07"]
[Round "14.2"]
[White "Poliakov, Artem"]
[Black "Pridorozhni, Aleksei"]
[Result "0-1"]
[WhiteElo "2222"]
[BlackElo "2579"]
[PlyCount "87"]
[EventDate "2016.10.07"]
[EventType "team-swiss (blitz)"]
[EventRounds "15"]
[EventCountry "RUS"]
[SourceTitle "EXT 2017"]
[Source "ChessBase"]
[SourceDate "2016.10.25"]
[SourceVersion "1"]
[SourceVersionDate "2016.10.25"]
[SourceQuality "1"]
[WhiteTeam "Moscow Karpov School"]
[BlackTeam "Malachite Sverdlovsk Region"]
[WhiteTeamCountry "RUS"]
[BlackTeamCountry "RUS"]

1. d4 d5 2. c4 e6 3. cxd5 exd5 4. Nc3 c6 5. Nf3 Bf5 6. Bg5 Be7 7. Bxe7 Qxe7 8. e3 Nd7 9. Bd3 Bxd3 10. Qxd3 Ngf6 11. Nd2 a5 12. h3 0-0 13. 0-0 Rfe8 14. b3 Nf8 15. Rfe1 Ne6 16. e4 dxe4 17. Ndxe4 Rad8 18. Rad1 h6 19. Nxf6+ Qxf6 20. d5 Nf4 21. Rxe8+ Rxe8 22. Qf3 cxd5 23. Nxd5 Nxd5 24. Qxd5 b6 25. Rd2 h5 26. g3 h4 27. Kg2 g6 28. Qd6 Qf5 29. Qf4 Qxf4 30. gxf4 Re4 31. Kf3 Rb4 32. Rd6 Kg7 33. Rc6 f5 34. Rc4 Rb5 35. Rc7+ Kh6 36. Rc6 Rb4 37. Rc4 Rb5 38. Rc6 a4 39. bxa4 Rb4 40. a3 Rb3+ 41. Kg2 Rxa3 42. Rxb6 Rd3 43. Re6 Kg7 44. Rb6 0-1

[Event "Split op 6th"]
[Site "Split"]
[Date "2016.08.14"]
[Round "3"]
[White "Poliakov, Artem"]
[Black "Stocko, Josip"]
[Result "0-1"]
[WhiteElo "2134"]
[BlackElo "2326"]
[PlyCount "65"]
[EventDate "2016.08.13"]
[EventType "swiss"]
[EventRounds "9"]
[EventCountry "CRO"]
[SourceTitle "CBM 173 Extra"]
[Source "ChessBase"]
[SourceDate "2016.08.29"]
[SourceVersion "1"]
[SourceVersionDate "2016.08.29"]
[SourceQuality "1"]

1. d4 Nf6 2. c4 e6 3. Nc3 Bb4 4. e3 0-0 5. Nge2 Re8 6. a3 Bf8 7. Ng3 b6 8. Be2 Bb7 9. 0-0 d5 10. cxd5 exd5 11. b4 Nbd7 12. Bb2 Ne4 13. Qd3 a5 14. b5 Qh4 15. Bf3 Bd6 16. Nce2 Re6 17. Bxe4 dxe4 18. Qc4 Qg5 19. Nf4 Rh6 20. d5 Nc5 21. h3 Re8 22. Bd4 Nd3 23. Nxd3 Bxd5 24. Qc3 exd3 25. e4 Bxe4 26. Be3 Qf6 27. Nxe4 Rxe4 28. Qc6 Rhh4 29. g3 Qg6 30. Kh2 h6 31. Rg1 Qf5 32. Kg2 Qxh3+ 33. Kf3 0-1

[Event "Biel MTO op 49th"]
[Site "Biel"]
[Date "2016.08.03"]
[Round "9"]
[White "Horvath, Adam"]
[Black "Poliakov, Artem"]
[Result "1-0"]
[WhiteElo "2498"]
[BlackElo "2052"]
[PlyCount "79"]
[EventDate "2016.07.25"]
[EventType "swiss"]
[EventRounds "9"]
[EventCountry "SUI"]
[SourceTitle "CBM 173 Extra"]
[Source "ChessBase"]
[SourceDate "2016.08.29"]
[SourceVersion "1"]
[SourceVersionDate "2016.08.29"]
[SourceQuality "1"]

1. e4 d6 2. d4 Nf6 3. Nc3 g6 4. Be3 c6 5. Qd2 b5 6. f3 Nbd7 7. d5 cxd5 8. Bxb5 dxe4 9. Bc6 Rb8 10. Bxa7 Rxb2 11. Nb5 Bb7 12. Bxb7 Rxb5 13. Bc6 Rh5 14. g4 Bh6 15. Qb4 Re5 16. Bd4 Re6 17. f4 Bxf4 18. Bxd7+ Qxd7 19. g5 0-0 20. gxf6 exf6 21. Ne2 Be5 22. a4 d5 23. a5 Rb8 24. Qd2 Ra6 25. 0-0 Qg4+ 26. Kh1 Re6 27. Nf4 e3 28. Qxe3 Rbe8 29. Bxe5 Rxe5 30. Qf3 Qd7 31. a6 Ra8 32. Qb3 Ra7 33. Nd3 Re2 34. Nf4 Re5 35. Qb6 Kg7 36. Rab1 d4 37. Rb3 f5 38. Rg3 Kf8 39. Rb3 g5 40. Qh6+ 1-0

[Event "RUS-chT U14"]
[Site "Sochi"]
[Date "2016.05.05"]
[Round "5.2"]
[White "Smelykh, Edvin"]
[Black "Poliakov, Artem"]
[Result "0-1"]
[WhiteElo "1664"]
[BlackElo "2168"]
[PlyCount "68"]
[EventDate "2016.05.01"]
[EventType "team-tourn"]
[EventRounds "9"]
[EventCountry "RUS"]
[SourceTitle "EXT 2018"]
[Source "ChessBase"]
[SourceDate "2017.10.13"]
[SourceVersion "1"]
[SourceVersionDate "2017.10.13"]
[SourceQuality "1"]

1. e4 d5 2. exd5 Qxd5 3. Nc3 Qd6 4. d4 Nf6 5. Nf3 a6 6. Bc4 b5 7. Bb3 Bb7 8. Ne5 e6 9. f3 c5 10. Qe2 c4 11. Bxc4 bxc4 12. Nxc4 Qd8 13. a4 Bb4 14. Qd3 Nc6 15. Be3 Nd5 16. Rd1 Bxc3+ 17. bxc3 Nxe3 18. Qxe3 0-0 19. Rb1 Rb8 20. 0-0 Na5 21. Nd2 Bd5 22. Ne4 Nc4 23. Qf2 a5 24. Nc5 Qd6 25. Rfe1 Rxb1 26. Rxb1 Rb8 27. Qe1 h6 28. Rb3 Kh7 29. Ne4 Qc7 30. h3 Nd6 31. Rxb8 Qxb8 32. Nxd6 Qxd6 33. Qd1 Qc6 34. Qd3+ Kg8 0-1

[Event "EU-ch rapid"]
[Site "Minsk"]
[Date "2015.12.19"]
[Round "1"]
[White "Poliakov, Artem"]
[Black "Navara, David"]
[Result "0-1"]
[WhiteElo "2056"]
[BlackElo "2730"]
[PlyCount "102"]
[EventDate "2015.12.19"]
[EventType "swiss (rapid)"]
[EventRounds "11"]
[EventCountry "BLR"]
[SourceTitle "EXT 2017"]
[Source "ChessBase"]
[SourceDate "2016.10.25"]
[SourceVersion "1"]
[SourceVersionDate "2016.10.25"]
[SourceQuality "1"]

1. d4 Nf6 2. c4 e6 3. Nc3 Bb4 4. e3 0-0 5. Nge2 d5 6. a3 Be7 7. Nf4 c6 8. cxd5 exd5 9. Bd3 Re8 10. 0-0 Bd6 11. Qc2 Nbd7 12. Bd2 Nf8 13. h3 Bd7 14. b4 Ng6 15. Nxg6 hxg6 16. Rae1 Rc8 17. e4 dxe4 18. Nxe4 Bb8 19. Ng5 Qc7 20. Nf3 Be6 21. Bc4 Bxc4 22. Qxc4 Qd6 23. g3 Qd7 24. Ne5 Bxe5 25. dxe5 Qxd2 26. Rd1 Qb2 27. exf6 Qxf6 28. Rd7 Re7 29. Rfd1 Rce8 30. Kg2 g5 31. R1d6 Qe5 32. Qd3 g6 33. Rxe7 Rxe7 34. Rd8+ Kg7 35. Ra8 a6 36. Qd8 Kf6 37. Qh8+ Kf5 38. Qc8+ Qe6 39. Qb8 Qd5+ 40. Kh2 Ke4 41. Qf8 Qe5 42. Kg2 Kd3 43. Rd8+ Ke2 44. Qh8 f6 45. Qg8 Qe4+ 46. Kg1 Re6 47. Qf8 Qb1+ 48. Kg2 Qf1+ 49. Kh2 Kf3 50. Rd3+ Qxd3 51. Qc5 Re1 0-1

[Event "EU-ch U12 23rd"]
[Site "Budva"]
[Date "2013.09.29"]
[Round "1"]
[White "Poliakov, Artem"]
[Black "Malyshev, Grigory"]
[Result "0-1"]
[WhiteElo "1709"]
[BlackElo "2024"]
[PlyCount "180"]
[EventDate "2013.09.29"]
[EventType "swiss"]
[EventRounds "9"]
[EventCountry "MNE"]
[SourceTitle "EXT 2014"]
[Source "ChessBase"]
[SourceDate "2013.11.20"]
[SourceVersion "1"]
[SourceVersionDate "2013.11.20"]
[SourceQuality "1"]

1. d4 d5 2. c4 c6 3. Nc3 Nf6 4. cxd5 cxd5 5. Nf3 Nc6 6. Bf4 Bf5 7. e3 e6 8. Bb5 Nd7 9. 0-0 Be7 10. Qa4 Rc8 11. Rac1 a6 12. Bxc6 Rxc6 13. Ne2 Bd3 14. Qd1 Bc4 15. b3 Bxe2 16. Qxe2 Qb6 17. Rxc6 Qxc6 18. Qb2 0-0 19. Rc1 Qb6 20. Rc7 Rd8 21. Qc2 f6 22. h3 Bb4 23. Qc1 Nf8 24. a3 Bd6 25. Bxd6 Rxd6 26. b4 Nd7 27. Nd2 Rc6 28. Rxc6 bxc6 29. Nb3 Kf7 30. Qc2 g6 31. Na5 Nb8 32. Kf1 Ke7 33. Ke1 Kd6 34. Qc5+ Qxc5 35. Nb7+ Kc7 36. Nxc5 e5 37. f3 h6 38. Kf2 Kb6 39. f4 exd4 40. exd4 Kb5 41. Ke3 Kc4 42. g4 g5 43. f5 Kc3 44. Ne6 Kb3 45. Kd3 Kxa3 46. Kc3 Ka4 47. Nd8 a5 48. bxa5 Kxa5 49. Nf7 Kb5 50. Nxh6 c5 51. Nf7 Nd7 52. Nd6+ Kc6 53. Nf7 c4 54. Nh8 Nb6 55. Kb4 Nc8 56. Ng6 Kd6 57. h4 gxh4 58. Nxh4 Ne7 59. Kc3 Ng8 60. Ng2 Nh6 61. Ne3 Nf7 62. Kb4 Ng5 63. Kc3 Nh3 64. Kc2 Ng1 65. Kd2 Kc6 66. Ng2 Nf3+ 67. Kc3 Ng5 68. Ne3 Nf7 69. Ng2 Nd6 70. Nf4 Nb5+ 71. Kd2 Nxd4 72. Nh5 Nf3+ 73. Ke2 Ng5 74. Nxf6 d4 75. Nh5 Kd5 76. Nf4+ Ke5 77. Ng2 Ke4 78. Ne1 d3+ 79. Kd2 Kd4 80. Kd1 c3 81. f6 Kc4 82. f7 Nxf7 83. Nf3 Nd6 84. g5 Ne4 85. g6 c2+ 86. Kc1 Kc3 87. g7 d2+ 88. Nxd2 Nxd2 89. g8Q Nb3+ 90. Qxb3+ Kxb3 0-1